Residential property appraisal. (Record no. 121365)
[ view plain ]
| 000 -LEADER | |
|---|---|
| fixed length control field | 02682nam a22004338i 4500 |
| 001 - CONTROL NUMBER | |
| control field | BDZ0048915903 |
| 003 - CONTROL NUMBER IDENTIFIER | |
| control field | StDuBDS |
| 005 - DATE AND TIME OF LATEST TRANSACTION | |
| control field | 20230206132640.0 |
| 006 - FIXED-LENGTH DATA ELEMENTS--ADDITIONAL MATERIAL CHARACTERISTICS--GENERAL INFORMATION | |
| fixed length control field | m|||||o||d|||||||| |
| 007 - PHYSICAL DESCRIPTION FIXED FIELD--GENERAL INFORMATION | |
| fixed length control field | cr ||||||||||| |
| 008 - FIXED-LENGTH DATA ELEMENTS--GENERAL INFORMATION | |
| fixed length control field | 230206s2021 enka fob 001|0|eng|d |
| 020 ## - INTERNATIONAL STANDARD BOOK NUMBER | |
| ISBN | 9781000505801 (PDF ebook) : |
| Terms of availability | 45.99 |
| 040 ## - CATALOGING SOURCE | |
| Original cataloging agency | StDuBDS |
| 082 04 - DEWEY DECIMAL CLASSIFICATION NUMBER | |
| Classification number | 333.33820941 |
| 100 1# - MAIN ENTRY--PERSONAL NAME | |
| Personal author | Rispin, Chris, |
| Relator term | author. |
| 245 10 - TITLE STATEMENT | |
| Title | Residential property appraisal. |
| Number of part/section of a work | Volume 1, |
| Name of part/section of a work | Valuation and law |
| Medium | [electronic resource] / |
| Statement of responsibility, etc | Chris Rispin, Fiona Haggett, Carrie de Silva, Phil Parnham, Larry Russen. |
| 250 ## - EDITION | |
| Edition statement | Second edition. |
| 264 #1 - PRODUCTION, PUBLICATION, DISTRIBUTION, MANUFACTURE, AND COPYRIGHT NOTICE | |
| Place of production, publication, distribution, manufacture | London : |
| Name of producer, publisher, distributor, manufacturer | Routledge, |
| Date of production, publication, distribution, manufacture, or copyright notice | 2021. |
| 300 ## - PHYSICAL DESCRIPTION | |
| Physical description | 1 online resource (184 pages) : |
| Other physical details | illustrations (black and white) |
| 504 ## - BIBLIOGRAPHY, ETC. NOTE | |
| Bibliography, etc | Includes bibliographical references and index. |
| 505 0# - CONTENTS | |
| Contents | 1. Introduction 2. Overview of the Valuation of Residential Property 3. The Economics of Property Valuation 4. Law for Valuers - An Overview 5. Law for Valuers - Land, Contract and Tort 6. The Mortgage Valuation 7. RICS Red Book and Regulation 8. The Valuation Process 9. Reporting on Condition and Value for a Residential Mortgage 10. Alternative Valuation Methods and Approaches 11. Additional Legal Matters 12. Valuing in the UK - The Future and Conclusion |
| 520 8# - ABSTRACT | |
| Abstract | Takes the reader step by step through the process of completing a survey and valuation on a residential property Addresses the basic skills required for valuation, the risks posed, key drivers of value, emerging issues, and key legal and RICS regulatory considerations There is no other book particularly addressed to this target market of residential surveyors appraising and surveying for lending purposes. i.e. for banks/mortgages Essential for students studying to enter the residential survey and valuation profession and for existing practitioners who wish to improve their knowledge of industry practices. |
| 650 #0 - KEYWORDS | |
| Keywords | Residential real estate |
| General subdivision | Valuation |
| Geographic subdivision | Great Britain. |
| 650 #7 - KEYWORDS | |
| Keywords | Economics. |
| 650 #7 - KEYWORDS | |
| Keywords | EBOOK |
| 650 #7 - KEYWORDS | |
| Keywords | RESIDENTIAL PROPERTY |
| 690 ## - BROAD SUBJECT | |
| 9 (RLIN) | 6273 |
| Broad subject | Valuation |
| 700 1# - ADDED PERSONAL NAME | |
| Added personal author | Haggett, Fiona, |
| Relator term | author. |
| 700 1# - ADDED PERSONAL NAME | |
| Added personal author | De Silva, Carrie, |
| Relator term | author. |
| 700 1# - ADDED PERSONAL NAME | |
| Added personal author | Parnham, Phil, |
| Relator term | author. |
| 700 1# - ADDED PERSONAL NAME | |
| Added personal author | Russen, Larry, |
| Relator term | author. |
| 856 40 - ONLINE RESOURCE | |
| Uniform Resource Identifier | <a href="https://www.vlebooks.com/vleweb/product/openreader?id=RICS&accId=9491556&isbn=9781000505801">https://www.vlebooks.com/vleweb/product/openreader?id=RICS&accId=9491556&isbn=9781000505801</a> |
| Public note | View on VLEbooks. Logins for members only from [email protected] |
| 336 ## - CONTENT TYPE | |
| Content type term | text |
| Source | rdacontent |
| 336 ## - CONTENT TYPE | |
| Content type term | still image |
| Source | rdacontent |
| 337 ## - MEDIA TYPE | |
| Media type term | computer |
| Source | rdamedia |
| 338 ## - CARRIER TYPE | |
| Carrier type term | online resource |
| Source | rdacarrier |
| 588 ## - SOURCE OF DESCRIPTION NOTE | |
| Source of description note | Description based on CIP data; resource not viewed. |
| 776 08 - ADDITIONAL PHYSICAL FORM ENTRY | |
| Display text | Print version : |
| International Standard Book Number | 9780367419615 |
| Lost status | Damaged status | Not for loan | Home library | Current library | Shelving location | Date acquired | Source of acquisition | Total Checkouts | Full call number | Date last seen | Price effective from | Koha item type |
|---|---|---|---|---|---|---|---|---|---|---|---|---|
| Virtual | Virtual | Online | 06/02/2023 | Browns Books | eBook | 06/02/2023 | 06/02/2023 | Book |